000
00324nam a2200133Ia 4500
005
20260328104305.0
008
260328s9999||||xx |||||||||||||| ||und||
100
_a
Camacho, Eduardo
245
0
_a
Poesia y Prosa /
_c
Eduardo Camacho
260
_b
El Áncora Editores
300
_a
125 p.
650
_a
COLOMBIA
942
_c
BK
999
_c
10732
_d
10732